01677nam a2200217 a 450000500170000000800410001704100080005804400070006610000400007324501270011326000700024030000110031052009480032165000150126965000280128465000260131265000320133865000250137065000340139570000300142920180803165349.0140128b2007 ck ||||| |||| 00| 0 spa d aspa ack aFernandez Muñoz, María Adelaida aIncentivos para la reconversión de la ganadería con criterios de biodiversidad en la cuenca alta del río Campoalegre aBogotábInstituto Alexander von HumboldtbCARDERbUAESPNNc2007 a150 p. aLos resultados finales del diseño de incentivos para la reconversión ganadera sostenible en el PMN Campoalegre. Se divide en tres partes: la primera hace una introducción de los efectos de la ganadería sobre el medio ambiente, presenta un panorama en particular del cambio en los usos del suelo en el país, expone los principales impactos de la ganadería y su posible solución gracias a los sistemas silvopastoriles. Finalmente presenta un análisis macroeconó-mico donde se estudia la política sectorial agropecuaria para definir los impactos e identificar posibles incentivos perversos. La segunda parte hace una caracterización de la zona de estudio, así como en una descripción biofísica y social de la zona. Finalmente la tercera parte presenta los incentivos para la reconversión ganadera, las herramientas de manejo propuestas y luego los incentivos diseñados y las posibles fuentes para su financiación aIncentivos aReconversión ganadera aSistema silvopastoril aAnálisis macroeconómico aIncentivos perversos aCaracterización biofísica aRamírez, Diana Patricia